Konami Games - Sudden Death - Statistics

General Stats
  • This quiz has been taken 21 times
    19 since last reset
  • The average score is 6 of 10
Answers on the Grid
Answers color-coded by a green-red scale on the quiz's grid according to % correct below.
Metal Gear Solid 3
Terraria
Frogger
Death Stranding
Dark Souls 2
Yu-Gi-Oh!
Silent Hill
TES V: Skyrim
eBaseball
Hollow Knight
Madden NFL 24
Helldivers 2
Contra
Tetris
Metal Gear
Stellaris
Rainbow 6 Seige
Metal Gear Solid 2
Metal Gear Rising
Starfield
 
Answer Stats
Answer % Correct
Contra
80%
Metal Gear Rising
80%
Metal Gear Solid 2
80%
Metal Gear Solid 3
80%
Metal Gear
73%
Silent Hill
73%
eBaseball
47%
Frogger
47%
Yu-Gi-Oh!
47%
Death Stranding
27%
No matching quizzes found
Score Distribution
Percent of People with Each Score
Percentile by Number Answered
Your Score History
You have not taken this quiz since the last reset